| 000 | 00401cam a2200169ua 4500 | ||
|---|---|---|---|
| 020 | _c2.00 | ||
| 041 |
_ahin _h |
||
| 082 |
_a891.54 _bMYD/TR |
||
| 100 | _aMudhily, Sharan Gupta . | ||
| 245 |
_aTripdaga / _cMydhili Sgharan Gupta. _hTextual Documents |
||
| 260 |
_a : _bSahithya Sadan , _c1962. |
||
| 300 | _a173 ; . | ||
| 365 | _a2.00 | ||
| 504 | _a | ||
| 942 | _cBK | ||
| 999 |
_c11353 _d11353 |
||